| 000 | 00893nam a22002295i 4500 | ||
|---|---|---|---|
| 001 | 178476 | ||
| 003 | ES-MaACL | ||
| 005 | 20250902030434.0 | ||
| 008 | 110602s1967 sp |||| | spa d | ||
| 080 | _a336.14(460) | ||
| 100 | 1 |
_aVibert, G. _9146867 |
|
| 245 | 1 | 0 |
_aEjercicios de contabilidad nacional / _cG. Vibert ; prólogo de Emilio de Figueroa Martínez ; versión española de Joaquín García Jabaloyas. |
| 260 |
_aMadrid : _bICE, _cimp. 1967. |
||
| 300 |
_a305, [5] p. ; _c24 cm. |
||
| 490 | 1 |
_aSelecciones de economía de la empresa. Serie C : Supuestos y casos ; _v4 |
|
| 650 | 4 |
_aContabilidad nacional- _zEspaña. _911312 |
|
| 700 | 1 |
_aFigueroa, Emilio de. _950780 |
|
| 700 | 1 |
_aGarcía Jabaloyas, Joaquín. _9146868 |
|
| 830 | 0 | 0 |
_aSelecciones de economía de la empresa (ICE) _v4 _9190989 |
| 852 |
_aES-MaACL _jE-15225 _xOlim P-1278 |
||
| 999 |
_c178476 _d178476 |
||